A l'Hôpital A-Z - Statistiques

Statistiques générales
  • Ce quiz a été pris 118 fois
  • Le résultat moyen est 17 sur 26
Statistiques - réponses
Lettre Définition Réponse % Correct
A Elle peut être générale ou locale suivant l'opération à effectuer Anesthésie
99%
B Espèce de microbe Bactérie
95%
I Membre du personnel sous l'ordre des médecins Infirmière
87%
O Le médecin nous prescrit les médicaments sur celle-ci Ordonnance
87%
J On le fait a partir de minuit, quelques heures avant l'opération Jeun
86%
U Les pompiers nous amènent dans ce service afin que l'on soit suivi rapidement Urgences
85%
Y La Diplopie, le strabisme, la presbytie, la myopie, concerne cette partie du corps Yeux
85%
D Appareil analysant l'activité électrique du cœur d'une personne en arrêt cardiorespiratoire Défibrillateur
79%
E Il permet de vérifier l'activité électrique du coeur ECG
77%
Q Numéro servant à appeler le SAMU Quinze / 15
75%
V Opération effectuée pour rendre stérile un homme qui ne souhaite plus avoir d'enfant Vasectomie
73%
P Elle permet de mettre un liquide dans ton sang par la veine afin de te soigner Perfusion
71%
H Substance rouge qui transporte l'oxygène ou le gaz carbonique dans le sang Hémoglobine
68%
T Battements du cœur trop rapides (supérieurs à 100/mn) Tachycardie
68%
G Quantité de sucre (glucose) présent normalement dans le sang Glycémie
65%
K Petite cavité qui se forme dans l'organisme Kyste
64%
F Gros bouton qui se forme à l'endroit où un poil sort de la peau Furoncle
62%
Z La varicelle peut nous transmettre cette maladie infectieuse de la peau Zona
61%
R Technique médicale permettant d’obtenir des images de l’intérieur du corps Radiologie
59%
M Maladie générant différentes familles de champignons microscopiques Mycose
51%
X Ce gaz facilite le diagnostic de maladies pulmonaires Xénon
47%
C Tige fine permettant d'explorer ou de déboucher un organe Cathéter
45%
N Douleur due à un nerf Névralgie
40%
L Famille de globules blancs spécialisés dans la défense contre les virus Lymphocyte
36%
S Grâce a elle, on connaît rapidement le taux d'oxygénation du corps Saturation
35%
W Analyse permettant de faire avec certitude le diagnostic de maladies graves comme le sida. Western Blot
7%
Aucun quiz correspondant
Distribution des résultats
% des personnes avec chaque résultat
Percentile par nombre de réponses
Votre historique - résultats
Vous n’avez pas pris ce quiz